Discours [ciceron]. tomo 17 /
Guardado en:
| Autor Principal: | |
|---|---|
| Formato: | Libro |
| Publicado: |
Paris :
Les Belles Lettres,
1961
|
| Edición: | 2a. ed. |
| Materias: | |
| Etiquetas: |
Agregar Etiqueta
Sin Etiquetas, Sea el primero en etiquetar este registro!
|
| LEADER | 00608nam a22001935a 4500 | ||
|---|---|---|---|
| 001 | EHU.bham010366 | ||
| 003 | AR-BHAM | ||
| 005 | 20100215182150.0 | ||
| 008 | 130507s1961##################000#0#####d | ||
| 082 | 8 | 7 | |a 875 |
| 100 | 1 | |a Ciceron, Marco Tulio | |
| 245 | 1 | 0 | |a Discours [ciceron]. tomo 17 / |c Marco Tulio Ciceron |
| 250 | |a 2a. ed. | ||
| 260 | |a Paris : |b Les Belles Lettres, |c 1961 | ||
| 300 | |a 138 p. | ||
| 500 | |a Trad.: Andre Boulanger | ||
| 505 | 0 | |a Pour C. Rabirius Postumus.- Pour T. Annius Milon.- | |
| 653 | |a Oratoria latina | ||
| 859 | |a AR-BHAM |b BIB. HUMANIDADES - General |h 875 |i C485-10 |p 1031.63 |t Ej.1 |v XVII |3 XVII | ||
